Loading...

Modern MOS technology: Processes, devices and design

Bibliographic Details
Main Author: Ong, DeWitt G
Format: Printed Book
Published: McGraw-Hill Book Company, New York 1986
Subjects:
LEADER 00562nam a2200193 4500
020 |c 97.50 
082 |a 621.38173042 ONG-M 
100 |a Ong, DeWitt G 
245 |a Modern MOS technology: Processes, devices and design 
250
260 |a McGraw-Hill Book Company, New York  |c 1986 
300 |a 366 
490
500
590 |a VMV  |c 97.50 
650 |a Metal oxide semiconductors 
942 |c BK 
999 |c 82060  |d 82060 
952 |0 0  |1 0  |4 0  |6 621_381730420000000_ONGM  |7 0  |9 95528  |a PHY  |b PHY  |g 97.50  |l 0  |o 621.38173042 ONG-M  |p PHY03739  |r 2019-09-24  |w 2019-09-24  |y BK